Sports Quiz

Random Sports or Hockey Quiz

2009-10 AHL Standings Quiz Stats

 Plays Quiz not verified by Sporcle

Challenge
Share
Tweet
Score 0/29 Timer 03:00
0 Plays Today
Division Team % Correct
East DivisionHershey Bears
84.9%
Atlantic DivisionWorcester Sharks
68.5%
Atlantic DivisionPortland Pirates
68.5%
Atlantic DivisionManchester Monarchs
68.5%
Atlantic DivisionSpringfield Falcons
63%
East DivisionAlbany River Rats
63%
North DivisionHamilton Bulldogs
61.6%
Atlantic DivisionLowell Devils
58.9%
Atlantic DivisionProvidence Bruins
58.9%
Atlantic DivisionBridgeport Sound Tigers
57.5%
Atlantic DivisionHartford Wolf Pack
57.5%
East DivisionWilkes-Barre/Scranton Penguins
57.5%
East DivisionNorfolk Admirals
56.2%
East DivisionBinghamton Senators
54.8%
East DivisionAdirondack Phantoms
54.8%
Division Team % Correct
East DivisionSyracuse Crunch
50.7%
North DivisionManitoba Moose
49.3%
North DivisionRochester Americans
47.9%
West DivisionTexas Stars
47.9%
West DivisionChicago Wolves
46.6%
North DivisionToronto Marlies
42.5%
North DivisionLake Erie Monsters
41.1%
North DivisionAbbotsford Heat
39.7%
West DivisionRockford IceHogs
37%
North DivisionGrand Rapids Griffins
31.5%
West DivisionMilwaukee Admirals
31.5%
West DivisionPeoria Rivermen
31.5%
West DivisionSan Antonio Rampage
31.5%
West DivisionHouston Aeros
30.1%

You're not logged in!

Compare scores with friends on all Sporcle quizzes.
Join for Free
OR
Log In

You Might Also Like...

Show Comments

Extras

Top Quizzes Today


Score Distribution

Your Account Isn't Verified!

In order to create a playlist on Sporcle, you need to verify the email address you used during registration. Go to your Sporcle Settings to finish the process.

Report this User

Report this user for behavior that violates our Community Guidelines.

Details: